• 首页
  • 本馆介绍
  • 公告通知
  • 最新文献
  • 馆藏检索
  • 电子资源
  • 读者导购
  • 参考咨询
  • 我的图书馆
  • 登录
  • 详细信息显示
  • 放入我的书架
  • 预约/预借图书
  • 作者相关作品
  • 分类相关作品
  • 丛书相关作品
  • 出版社相关作品

书目信息

  • 表格格式
  • 工作单格式
  • 卡片格式
题名:
妇产科学、儿科学考试纲要及试题
    
 
作者: 石一复, , 魏克伦 主编
分册:  
出版信息: 北京   人民卫生出版社  2000
页数: 298页
开本: 26cm
丛书名: 2000版国家临床执业医师资格考试辅导
单 册:
中图分类: R71-42 , R72-42
科图分类:
主题词: 妇产科科学--医师--资格考试--儿科学--自学参考资料
电子资源:
ISBN: 7-117-03727-X
000 00891nam 2200253 450
001 CAL 012001000054
005 20070619162255.54
010    @a7-117-03727-X@dCNY30.00
100    @a20001218d2000 em y0chiy0121 ea
101 0  @achi
102    @aCN@b110000
105    @ak q 000yy
200 1  @a妇产科学、儿科学考试纲要及试题@AFu Chan Ke Xue Er Ke Xue Kao Shi Gang Yao Ji Shi Ti@f石一复,魏克伦主编
210    @a北京@c人民卫生出版社@d2000
215    @a298页@d26cm
225 2  @a2000版国家临床执业医师资格考试辅导@A2000 Ban Guo Jia Lin Chuang Zhi Ye Yi Shi Zi Ge Kao Shi Fu Dao
410  0 @12001 @a2000版国家临床执业医师资格考试辅导
606 0  @a妇产科科学@x医师@x资格考试@x儿科学@j自学参考资料
690    @aR71-42@v4
690    @aR72-42@v4
701  0 @a石一复,@AShi Yifu@f1937-@4主编
701  0 @a魏克伦@AWei Kelun@4主编
801  0 @aCN@bPFT@c20070619
905    @a10447@dR71-42@e20
    
    妇产科学、儿科学考试纲要及试题/石一复,魏克伦主编.-北京:人民卫生出版社,2000
    298页;26cm.-(2000版国家临床执业医师资格考试辅导)
    
    
    ISBN 7-117-03727-X:CNY30.00
    
●
相关链接 在E读中查询图书 在五车中查询图书 在当当中查询图书 在豆瓣中查询图书


正题名:妇产科学、儿科学考试纲要及试题     索取号:R71-42/20         预约/预借

序号 登录号 条形码 馆藏地/架位号 状态 备注
1 0653889   206538898   第二样本阅览室/ [索取号:R71-42/20] 在馆    
唐山师范学院图书馆 欢迎您!
大连网信软件有限公司© 版权所有